| 000 | 00854nam a2200229Ia 4500 | ||
|---|---|---|---|
| 001 | 8618 | ||
| 003 | GE_BSU | ||
| 008 | 181216s||||||||xx |||||||||||||| ||und|| | ||
| 040 | _cGE_BSU | ||
| 080 | _a821.353.1-32 | ||
| 100 | _aერისთავი, რაფიელ | ||
| 245 | _aთხზულებანი: მოთხრობები და სცენარები. | ||
| 245 | _bტ.3 | ||
| 245 | _cშალვა რადიანის რედ: წინასიტყვაობით და შენიშვნებით. | ||
| 260 | _aტფილისი. | ||
| 260 | _bსახელმწიფო გამ–ბა | ||
| 260 | _c1937 | ||
| 300 | _a255 გვ; 20 სმ. | ||
| 300 | _b1 ფ. პორტრ. | ||
| 653 | _aმოთხრობები და სცენარები. | ||
| 942 | _cBK | ||
| 999 |
_c41934 _d41934 |
||